00331 2200145 4500245004100000250001100041100002600052650001700078650001600095005001900111260001800130041001400148084001400162336000900176 aHidupkucSultan Ranggana PutrahText aCet. 1 aSultan Ranggana Putra aAutobiografi aKarya Siswa a20250521134001 aJakartac2025 aIndonesia a081 SUL h atext